000 01491cam a2200397 a 4500
001 9520
003 FISKH
005 20260119082717.0
008 900105s1991 nyua j 000 0 eng
010 _a 90030275
020 _a0679901698 (lib. bdg.) :
020 _a0679801693 (pbk.) :
020 _a9780679901693
020 _a9780679801696
040 _aDLC
_cDLC
_dDLC
_beng
050 0 0 _aDS559.83.W18
_bD66 1991
082 0 0 _a959.704/36
_220
100 1 _aDonnelly, Judy.
245 1 2 _aA wall of names :
_bthe story of the Vietnam Veterans Memorial /
_cby Judy Donnelly.
260 _aNew York :
_bRandom House,
_c1991.
300 _a48 pages :
_bcolor illustrations ;
_c23 cm.
490 1 _aStep into reading :
_vA Step 4 book
505 _aR
520 _aSurveys the history of the Vietnam War, chronicles the construction of the the Vietnam Memorial, and discusses what the Memorial means to many Americans.
521 8 _a690
_bLexile
521 8 _aR
_bRaz-Plus
650 0 _aVietnam Veterans Memorial (Washington, D.C.)
_vJuvenile literature.
650 1 _aVietnam Veterans Memorial (Washington, D.C.)
650 1 _aNational monuments.
650 1 _aVietnam War, 1961-1975.
651 0 _aWashington (D.C.)
_xBuildings, structures, etc.
_vJuvenile literature.
655 7 _aLiterature.
_2lcgft
_0https://id.loc.gov/authorities/genreForms/gf2014026415
906 _a7
_bcbc
_corignew
_d1
_eocip
_f19
_gy-gencatlg
942 _2ddc
_cBK
_n0
999 _c9520
_d9520